Visita pastoral de Juan Pablo II a la Argentina
Salvato in:
| Natura: | Libro |
|---|---|
| Lingua: | spagnolo |
| Pubblicazione: |
Buenos Aires
Conferencia Episcopal Argentina
1987
|
| Soggetti: | |
| Tags: |
Aggiungi Tag
Nessun Tag, puoi essere il primo ad aggiungerne!!
|
MARC
| LEADER | 00000nam a2200000 a 4500 | ||
|---|---|---|---|
| 001 | UCM0595 | ||
| 003 | CL-VaPUC | ||
| 008 | 020301e19870000ag |||||||||||||||||spa|d | ||
| 082 | 0 | 4 | |a 261 |b VIS |2 21 |
| 245 | 1 | 0 | |a Visita pastoral de Juan Pablo II a la Argentina |
| 246 | 1 | 0 | |a Encuentro de Su Santidad con los representantes del mundo de la cultura |
| 300 | |a 16 p | ||
| 942 | |c BK | ||
| 945 | |d 20020301 00:00:00 |a cmena | ||
| 260 | |a Buenos Aires |b Conferencia Episcopal Argentina |c 1987 | ||
| 500 | |a Encuentro realizado el 12 de Abril de 1987 en el Teatro Colón | ||
| 600 | 0 | |a Juan Pablo II |9 309920 | |
| 650 | 7 | |a IGLESIA CATOLICA Y CULTURA |2 CL-VaPUC |9 329332 | |
| 650 | 7 | |a EVANGELIZACION |2 CL-VaPUC |9 467493 | |
| 650 | 0 | |a Comportamiento moral |9 334569 | |
| 650 | 0 | |a Documentos pontificios |9 255642 | |
| 583 | |a last modification |c 20171005 03:38:23 |k Rodrigo Vera | ||
| 999 | |c 299479 |d 299477 | ||
| 952 | |0 0 |1 0 |4 0 |6 261_000000000000000_VIS_1987 |7 0 |8 A |9 356041 |a BIBTEO |b BIBTEO |d 2019-11-21 |i 3792145 |o 261 VIS 1987 |p 3792145 |r 2025-01-17 |w 2019-11-21 |y BK |k ICR | ||